000 00351nam a22001457a 4500
999 _c9170
_d9170
003 OSt
008 201119b ||||| |||| 00| 0 eng d
020 _a9780670086627
100 _aMody, Zia
245 _a10 Judgements That Changed India
260 _aNew Delhi
_bShobha, De
_c2013
300 _a240p.
650 _aB.A Hons. English
942 _2ddc
_cBK